All 500K+ Cities in Iran on a Map - Statistics

General Stats
  • This quiz has been taken 20 times
  • The average score is 11 of 18
Answers on the Map
Answers color-coded by a green-red scale on the quiz's map according to % correct below.
 
Answer Stats
Population Answer % Correct
~1,961,300 Isfahan
94%
~3,001,200 Mashhad
94%
~1,565,600 Shiraz
94%
~8,693,700 Tehran
94%
~1,558,700 Tabriz
81%
~1,201,200 Qom
75%
~526,600 Bandar Abbas
69%
~537,700 Kerman
69%
~946,700 Kermanshah
69%
~1,592,500 Karaj
63%
~1,184,800 Ahvaz
56%
~736,200 Urmia
50%
~520,900 Arak
44%
~529,400 Ardabil
44%
~680,000 Rasht
44%
~529,700 Yazd
44%
~587,700 Zahedan
38%
~554,400 Hamedan
13%
No matching quizzes found
Score Distribution
Percent of People with Each Score
Percentile by Number Answered
Your Score History
You have not taken this quiz